Członkowie Ekipy Friza - Statystyki

Ogólne statystyki
  • Ten quiz został rozwiązany 2 181 razy
  • Średni wynik to 11 z 14
Statystyki odpowiedzi
Hint Odpowiedź % Poprawnych
EKIPA Friz
98%
EKIPA Wersow
98%
EKIPA Tromba
96%
EKIPA Mini Majk
94%
EKIPA Murcix
92%
EKIPA Wujek Łuki
90%
PRAWIE EKIPA Marcysia
84%
EKIPA Mixer
84%
EKIPA Kasia
78%
EKIPA Poczciwy Krzychu
77%
EKIPA Patecki
75%
OPERATORZY Dżodżo
67%
OPERATORZY Piotrullo
55%
MONTAŻYSTA Alvin
51%
Nie znaleziono quizów pasujących do podanych kryteriów
Rozkład punktacji
Procent ludzi z każdym wynikiem
Percentyl według liczby udzielonych odpowiedzi
Twoja historia wyników
Nie rozwiązałeś tego quizu